Statistics for The First 100 Happiest Countries.

Click here to take the quiz!

General Stats

  • This quiz has been taken 116 times
  • The average score is 74 of 100

Answer Stats

Hint/RankingAnswer% Correct
61Japan
97%
13United Kingdom
97%
1Finland
96%
4Iceland
96%
28Spain
96%
7Sweden
96%
5Norway
95%
18United States
95%
11Canada
93%
92China
93%
8New Zealand
93%
3Switzerland
93%
12Australia
92%
2Denmark
92%
6Netherlands
91%
32Brazil
89%
17Germany
89%
42Poland
89%
58Portugal
89%
72Russia
89%
23France
88%
75Greece
88%
16Ireland
88%
54Argentina
86%
9Austria
86%
50Estonia
86%
60South Korea
86%
20Belgium
85%
82Indonesia
85%
56Latvia
84%
40Lithuania
84%
33Slovenia
84%
30Italy
82%
10Luxembourg
82%
81Vietnam
82%
94Bulgaria
81%
38Chile
81%
19Czech Republic
81%
24Mexico
81%
46Romania
81%
27Saudi Arabia
81%
53Thailand
81%
91Turkey
81%
21United Arab Emirates
81%
43Colombia
80%
14Israel
80%
62Peru
80%
31Singapore
80%
36Slovakia
80%
26Uruguay
80%
95Morocco
78%
66Paraguay
78%
35Panama
77%
52Hungary
76%
80Malaysia
74%
63Serbia
74%
25Taiwan
74%
22Malta
73%
51Philippines
73%
97Venezuela
73%
39Bahrain
72%
68Bosnia and Herzegovina
72%
77Croatia
72%
57Ecuador
72%
64Bolivia
70%
15Costa Rica
70%
44Cyprus
70%
74Belarus
69%
49Kazakhstan
69%
69Moldova
69%
71Montenegro
69%
93Turkmenistan
69%
59Jamaica
68%
79Mongolia
68%
37Uzbekistan
68%
55Honduras
66%
47Kuwait
66%
90Nepal
65%
98Algeria
64%
67Dominican Republic
64%
73Kyrgyzstan
64%
34El Salvador
62%
45Nicaragua
62%
65Pakistan
61%
87Azerbaijan
59%
85Maldives
59%
70Tajikistan
58%
29Guatemala
57%
89Ghana
55%
88Macedonia
55%
78Libya
54%
86Republic of the Congo
53%
48Mauritius
51%
99Senegal
45%
41Trinidad and Tobago
41%
96Cameroon
39%
100Guinea
34%
84Benin
32%
83Ivory Coast
30%
76Hong Kong
8%

Score Distribution

Percentile by Number Answered

Percent of People with Each Score

Your Score History

You have not taken this quiz